Statistics for Top 100 Most Valuable Premier League Players

Click here to take the quiz!

General Stats

  • This quiz has been taken 207 times
    (96 since last reset)
  • The average score is 78 of 100

Answer Stats

RankNationValueClubPositionPlayer% Correct
1Norway€180mManchester CityFWErling Haaland
100%
6Argentina€90mManchester CityFWJulián Álvarez
99%
12Portugal€80mManchester CityMIDBernardo Silva
97%
5England€110mManchester CityFWPhil Foden
97%
4Spain€110mManchester CityMIDRodri
97%
2England€120mArsenalFWBukayo Saka
96%
18Colombia€75mLiverpoolFWLuis Díaz
96%
7Norway€90mArsenalMIDMartin Ødegaard
96%
30Egypt€65mLiverpoolFWMohamed Salah
96%
13Portugal€80mManchester CityDEFRúben Dias
96%
23Portugal€70mManchester UnitedMIDBruno Fernandes
95%
26Uruguay€65mLiverpoolFWDarwin Núñez
95%
3England€110mArsenalMIDDeclan Rice
95%
10Brazil€85mArsenalFWGabriel Martinelli
95%
11Argentina€80mChelseaMIDEnzo Fernández
93%
37Belgium€60mManchester CityMIDKevin De Bruyne
93%
8Ecuador€90mChelseaMIDMoisés Caicedo
93%
22Brazil€70mArsenalFWGabriel Jesus
92%
25England€70mManchester UnitedFWMarcus Rashford
92%
21England€70mLiverpoolDEFTrent Alexander-Arnold
92%
24Sweden€70mNewcastle UnitedFWAlexander Isak
91%
9Brazil€85mNewcastle UnitedMIDBruno Guimarães
91%
16Hungary€75mLiverpoolMIDDominik Szoboszlai
91%
31Denmark€65mManchester UnitedFWRasmus Højlund
91%
47South Korea€50mTottenham HotspurFWSon Heung-min
91%
17France€75mArsenalDEFWilliam Saliba
91%
20England€70mManchester CityFWJack Grealish
89%
29Argentina€65mTottenham HotspurDEFCristian Romero
88%
19England€70mTottenham HotspurMIDJames Maddison
88%
14Croatia€80mManchester CityDEFJoško Gvardiol
88%
43England€55mArsenalDEFBen White
86%
49Netherlands€50mLiverpoolFWCody Gakpo
86%
33Belgium€65mManchester CityFWJérémy Doku
86%
63Netherlands€45mTottenham HotspurDEFMicky van de Ven
86%
34England€60mAston VillaFWOllie Watkins
86%
32Argentina€65mLiverpoolMIDAlexis Mac Allister
85%
54Japan€50mBrighton & Hove AlbionFWKaoru Mitoma
85%
52Belgium€50mEvertonMIDAmadou Onana
84%
40Germany€55mArsenalMIDKai Havertz
84%
76England€40mNottingham ForestMIDMorgan Gibbs-White
84%
73Cameroon€40mManchester UnitedGKAndré Onana
82%
53Portugal€50mLiverpoolFWDiogo Jota
82%
91England€38mManchester CityDEFJohn Stones
82%
48Argentina€50mManchester UnitedDEFLisandro Martínez
82%
68Ukraine€42mArsenalDEFOleksandr Zinchenko
82%
51England€50mChelseaDEFReece James
82%
15France€75mChelseaMIDChristopher Nkunku
81%
75Brazil€40mManchester CityGKEderson
81%
27Brazil€65mWest Ham UnitedMIDLucas Paquetá
81%
28Ireland€65mBrighton & Hove AlbionFWEvan Ferguson
80%
38France€60mAston VillaFWMoussa Diaby
80%
74Ukraine€40mChelseaFWMykhaylo Mudryk
80%
80Netherlands€40mManchester CityDEFNathan Aké
80%
45England€50mNewcastle UnitedFWAnthony Gordon
78%
42Sweden€55mTottenham HotspurFWDejan Kulusevski
78%
55France€50mCrystal PalaceFWMichael Olise
78%
92Spain€35mArsenalGKDavid Raya
77%
36Brazil€60mAston VillaMIDDouglas Luiz
77%
90France€38mLiverpoolDEFIbrahima Konaté
77%
50England€50mWest Ham UnitedFWJarrod Bowen
77%
65England€45mChelseaFWRaheem Sterling
77%
72Brazil€42mNewcastle UnitedMIDJoelinton
76%
82Croatia€38mManchester CityMIDMateo Kovačić
76%
56England€48mCrystal PalaceMIDEberechi Eze
74%
83Belgium€38mArsenalFWLeandro Trossard
74%
71Switzerland€42mManchester CityDEFManuel Akanji
74%
41Portugal€55mManchester CityMIDMatheus Nunes
74%
93Senegal€35mChelseaFWNicolas Jackson
74%
62Netherlands€45mNewcastle UnitedDEFSven Botman
73%
59Spain€45mTottenham HotspurDEFPedro Porro
72%
58Spain€45mAston VillaDEFPau Torres
70%
88England€38mManchester UnitedDEFLuke Shaw
69%
94Czech Republic€35mWest Ham UnitedMIDTomáš Souček
69%
60England€45mChelseaMIDCole Palmer
68%
39Portugal€60mFulhamMIDJoão Palhinha
68%
64Ghana€45mWest Ham UnitedMIDMohammed Kudus
68%
79Italy€40mNewcastle UnitedMIDSandro Tonali
68%
70England€42mChelseaMIDConor Gallagher
66%
81Cameroon€38mBrentfordFWBryan Mbeumo
65%
66Portugal€42mWolverhampton WanderersFWPedro Neto
65%
57Wales€48mTottenham HotspurFWBrennan Johnson
64%
61England€45mManchester UnitedMIDMason Mount
64%
77Italy€40mTottenham HotspurDEFDestiny Udogie
62%
35Brazil€60mArsenalDEFGabriel Magalhães
62%
84England€38mWest Ham UnitedMIDJames Ward-Prowse
62%
78Netherlands€40mArsenalDEFJurrien Timber
62%
46Belgium€50mChelseaMIDRoméo Lavia
62%
85England€38mManchester CityDEFRico Lewis
61%
100Brazil€35mBrighton & Hove AlbionFWJoão Pedro
59%
44England€55mChelseaDEFLevi Colwill
59%
87Morocco€38mWest Ham UnitedDEFNayef Aguerd
59%
69France€42mChelseaDEFAxel Disasi
55%
96France€35mChelseaDEFBenoît Badiashile
54%
86France€38mAston VillaMIDBoubacar Kamara
53%
89England€38mCrystal PalaceDEFMarc Guéhi
50%
98England€35mAston VillaDEFEzri Konsa
49%
95England€35mWolverhampton WanderersDEFMax Kilman
47%
67England€42mAston VillaMIDJacob Ramsey
46%
99England€35mNewcastle UnitedDEFTino Livramento
36%
97England€35mNewcastle UnitedMIDJoe Willock
34%

Score Distribution

Percentile by Number Answered

Percent of People with Each Score

Your Score History

You have not taken this quiz since the last reset